000 01034nam a22002777a 4500
001 9987
003 FISKH
005 20260324113839.0
008 260324b cb ||||| |||| 00| 0 eng d
040 _aFISKH
_beng
_cFISKH
_dFISKH
050 _aTT840 .M37
082 _a746.422
100 _aMason , Kate
245 _aAdvanced friendship bracelets /
_cBy Kate Mason : Illustrated by Helen Masden
260 _aTexas :
_bHenderson Publishing ,
_c1993 .
300 _a16 unnumbered pages :
_bcolor illustrations ;
_c27 cm .
505 _aK
520 _aThis book is a beginner‑friendly craft guide for making friendship bracelets. It’s designed especially for children or beginners who want to learn how to create bracelets to give as gifts or wear themselves.
521 8 _a510
_bLexile estimate
521 8 _aK
_bRaz-Plus
650 _aHandicrafts
_vChildren's non-fiction
650 _aArts and crafts
_vChildren's non-fiction
700 _aMarsden , Helen
942 _2ddc
_cBK
_n0
999 _c9987
_d9987